000 00441nam a22001937a 4500
003 MPLRDC
005 20220104142415.0
008 210129b ||||| |||| 00| 0 eng d
020 _a962-357-252-2
082 _a294 LS
100 _a李申
245 _a香港商厦风水
_c
250 _a初版
260 _a
_b明窗出版社
_c1990
300 _b
490 _a术数系列
650 _a堪舆--风水
942 _cBK
_o294 LS
999 _c30660
_d30650